All Official Touhou Games (UPDATED) - Statistics

General Stats
  • This quiz has been taken 236 times
    112 since last reset
  • The average score is 21 of 33
Answer Stats
Release Number Answer % Correct
Mainline Windows Games 7 Perfect Cherry Blossom
98%
Mainline Windows Games 6 Embodiment of Scarlet Devil
97%
Mainline Windows Games 10 Mountain of Faith
91%
Mainline Windows Games 8 Imperishable Night
90%
PC-98 Games 1 Highly Responsive to Prayers
83%
Mainline Windows Games 9 Phantasmagoria of Flower View
81%
Mainline Windows Games 15 Legacy of Lunatic Kingdom
79%
PC-98 Games 5 Mystic Square
79%
PC-98 Games 3 Phantasmagoria of Dim.Dream
79%
Mainline Windows Games 13 Ten Desires
78%
Mainline Windows Games 12 Unidentified Fantastic Object
78%
PC-98 Games 4 Lotus Land Story
76%
Mainline Windows Games 11 Subterranean Animism
74%
Mainline Windows Games 14 Double Dealing Character
71%
Mainline Windows Games 17 Wily Beast and Weakest Creature
69%
Spinoff Windows Games 12.8 Fairy Wars
64%
Twilight Frontier Collaborations 7.5 Immaterial and Missing Power
64%
Mainline Windows Games 18 Unconnected Marketeers
64%
Mainline Windows Games 20 Fossilized Wonders
62%
Spinoff Windows Games 10.5 Scarlet Weather Rhapsody
62%
Mainline Windows Games 16 Hidden Star in Four Seasons
60%
PC-98 Games 2 Story of Eastern Wonderland
60%
Spinoff Windows Games 9.5 Shoot the Bullet
57%
Spinoff Windows Games 18.5 100th Black Market
52%
Mainline Windows Games 19 Unfinished Dream of All Living Ghost
52%
Spinoff Windows Games 12.5 Double Spoiler
48%
Twilight Frontier Collaborations 15.5 Antinomy of Common Flowers
47%
Twilight Frontier Collaborations 12.3 Touhou Hisoutensoku
45%
Spinoff Windows Games 14.3 Impossible Spell Card
40%
Twilight Frontier Collaborations 13.5 Hopeless Masquerade
38%
Twilight Frontier Collaborations 14.5 Urban Legend in Limbo
38%
Spinoff Windows Games 16.5 Violet Detector
34%
Twilight Frontier Collaborations 17.5 Sunken Fossil World
33%
No matching quizzes found
Score Distribution
Percent of People with Each Score
Percentile by Number Answered
Your Score History
You have not taken this quiz since the last reset